| 000 | 00413nam a2200145 i 4500 | ||
|---|---|---|---|
| 001 | bg | ||
| 245 | 0 |
_aAktualne przepisy w ochronie środowiska : _bsuplement nr 3 / _cAgencja Ochrony Środowiska w Gdańsku. |
|
| 260 |
_aGdańsk, _c1992. |
||
| 650 | 9 |
_aŚrodowisko człowieka _xochrona _xprawo |
|
| 040 | _cBPK | ||
| 041 | _apol | ||
| 080 | _a504:349.6 | ||
| 942 | _cKS | ||
| 008 | s pl f |000 0 pol | ||
| 999 |
_c29557 _d29557 |
||
| 856 |
_uhttp://koha.tu.koszalin.pl/cgi-bin/koha/opac-detail.pl?biblionumber=29557 _yKatalog online BPK |
||